Basic language : messages and meanings, III

Bibliographic Details
Main Authors: John, Mellie (Author), De Laney, Edward N. (Author), Yates, Paulene M. (Author)
Format: Book
Published: New York : Harper & Row , 1973
Subjects:

MARC

LEADER 00000cam a2200000 7i4500
001 0000008687
005 20021119093000.0
008 021119n
090 0 0 |a PE1091   |b .J61 
100 0 |a John, Mellie ,   |e author 
245 0 0 |a Basic language :   |b messages and meanings, III   |c Mellie John, Paulene M. Yates, Edward N. De Laney 
260 2 |a New York :   |b Harper & Row ,   |c 1973 
300 |a 496 p. ; ;   |c 24 cm. 
501 |a Includes index 
650 0 |a English language   |x Composition and exercises 
650 0 |a English language   |x Grammar 
700 0 |a De Laney, Edward N. ,   |e author 
700 0 |a Yates, Paulene M. ,   |e author 
999 |a 1000034535   |b Book   |c OPEN SHELF (30 DAYS)   |e Gong Badak Campus